Γερμανού Π. Πατρών Μητροπολίτου απομνημονεύματα επιγραφόμενα : απομνημονεύματα τινά της κατά του τυρράνου των Ελλήνων οπλοφορίας, και τίνων πολιτικών ουμβεβηκότων εν Πελοποννήσω κατά την πρώτην της διοικήσεως περίοδον

Αποθηκεύτηκε σε:
Λεπτομέρειες βιβλιογραφικής εγγραφής
Κύριος συγγραφέας: Γερμανός, Παλαιών Πατρών, 1771-1826
Άλλοι συγγραφείς: Καμπούρογλου, Δημήτριος Γρ., 1852-1942
Μορφή: Βιβλίο
Γλώσσα:Greek
Δημοσίευση: Εν Αθήναις : Σ. Τσαγγάρης, 1900.
Έκδοση:3η έκδ.
Θέματα:
Ετικέτες: Προσθήκη ετικέτας
Δεν υπάρχουν, Καταχωρήστε ετικέτα πρώτοι!

MARC

LEADER 00000cam a2200000 i 4500
001 1/4586
008 000530s1900 gre d
035 |l 10061259 
040 |a GR-MY-UA  |b gre  |e aacr 
041 0 |a gre 
082 0 |a 938.509 
100 0 |a Γερμανός,   |c Παλαιών Πατρών,   |d 1771-1826. 
245 1 0 |a Γερμανού Π. Πατρών Μητροπολίτου απομνημονεύματα επιγραφόμενα :   |b απομνημονεύματα τινά της κατά του τυρράνου των Ελλήνων οπλοφορίας, και τίνων πολιτικών ουμβεβηκότων εν Πελοποννήσω κατά την πρώτην της διοικήσεως περίοδον /   |c υπό Γ. Ι. Παπούλα μετά προλεγόμενων υπό του ιδίου ; η παρούσα έκδοσις εγένετο εκ παραβολής... Δημ. Γρ. Καμπούρογλου.  
246 3 3 |a Απομνημονεύματα επιγραφόμενα 
250 |a 3η έκδ.  
260 |a Εν Αθήναις :   |b Σ. Τσαγγάρης,   |c 1900.  
300 |a 216 σ. ;   |c 21 εκ.  
506 1 |a Μόνο για ανάγνωση.   |c Βρίσκεται σε ειδικό ράφι. Διαθέσιμο εάν ζητηθεί.  
600 0 0 |a Γερμανός,   |c Παλαιών Πατρών,   |d 1771-1826. 
651 0 |a Greece  |x History  |y War of Independence, 1821-1829  |x Personal narratives. 
700 1 |4 oth  |a Παπούλας, Γ. Ι.  |e oth 
700 1 |a Καμπούρογλου, Δημήτριος Γρ.,   |d 1852-1942. 
852 |a INST  |b LESVOS  |e 20000530  |h 938.509 ΓΕΡ  |p 005100020886  |q 005100020886  |t BK  |y 0 
901 |a BIBL1-2000-2 
909 |a Λ  |b 043852 
970 |z 2000/05/ΔΕΜΕΝΑΓΑΣ (ELIDOC)